<?xml version="1.0" encoding="UTF-8"?>
<record
    xmlns:xsi="http://www.w3.org/2001/XMLSchema-instance"
    xsi:schemaLocation="http://www.loc.gov/MARC21/slim http://www.loc.gov/standards/marcxml/schema/MARC21slim.xsd"
    xmlns="http://www.loc.gov/MARC21/slim">

  <leader>00428nam a22001337a 4500</leader>
  <controlfield tag="005">20250812131743.0</controlfield>
  <controlfield tag="008">250812b        |||||||| |||| 00| 0 eng d</controlfield>
  <datafield tag="050" ind1=" " ind2=" ">
    <subfield code="a">RES:HD 38.5.A28 2017</subfield>
  </datafield>
  <datafield tag="100" ind1=" " ind2=" ">
    <subfield code="a">ABUYA EVANS</subfield>
  </datafield>
  <datafield tag="245" ind1=" " ind2=" ">
    <subfield code="a">AN ASSESSMENT OF THE EFFECTS OF PROCUREMENT PRACTICES ON ORGANIZATIONAL PERFOMANCE </subfield>
    <subfield code="b">A CASE OF GIACHORE TEA FACTORY</subfield>
  </datafield>
  <datafield tag="260" ind1=" " ind2=" ">
    <subfield code="a">KENYA</subfield>
    <subfield code="b">KISII UNIVERSITY</subfield>
    <subfield code="c">2017</subfield>
  </datafield>
  <datafield tag="300" ind1=" " ind2=" ">
    <subfield code="a">X,40</subfield>
  </datafield>
  <datafield tag="942" ind1=" " ind2=" ">
    <subfield code="2">lcc</subfield>
    <subfield code="c">REF</subfield>
  </datafield>
  <datafield tag="999" ind1=" " ind2=" ">
    <subfield code="c">216033</subfield>
    <subfield code="d">216033</subfield>
  </datafield>
  <datafield tag="952" ind1=" " ind2=" ">
    <subfield code="0">0</subfield>
    <subfield code="1">0</subfield>
    <subfield code="2">lcc</subfield>
    <subfield code="4">0</subfield>
    <subfield code="7">0</subfield>
    <subfield code="8">SC</subfield>
    <subfield code="9">372836</subfield>
    <subfield code="a">KSUL</subfield>
    <subfield code="b">KSUL</subfield>
    <subfield code="c">DISPLAY</subfield>
    <subfield code="d">2025-08-12</subfield>
    <subfield code="i">95290</subfield>
    <subfield code="l">0</subfield>
    <subfield code="o">RES:HD 3805.A28 2017</subfield>
    <subfield code="p">005302</subfield>
    <subfield code="r">2025-08-12 13:19:18</subfield>
    <subfield code="t">C.1</subfield>
    <subfield code="w">2025-08-12</subfield>
    <subfield code="y">REF</subfield>
  </datafield>
</record>
